000 00210 a2200097 4500
001 12251
100 _aRizvi,Hassn
245 _aAndaz-e-guftgu
260 _a
_bSang-e-Meel Publications
_c
090 _c9485
_d9485
942 _aNUST-CAE
_cM
_c36361
999 _c247324
_d247324